000 00813nam a22002531 4500
001 10551
003 BD-RjUL
005 20211208234956.0
008 140125s1957 nyuab b 000 0 eng
035 _a(BD-RjUL)10599
040 _aDLC/ICU
_cICU
_dDLC
_dBD-RjUL
_beng
041 _aeng
082 0 0 _a551.79
_218
_bFLG 1967
100 1 _aFlint, Richard Foster,
_d1902-
_932620
245 1 0 _aGlacial and Pleistocene geology /
_cRichard Foster Flint.
260 _aNew York :
_bWiley,
_cc1957 [Printing 1967].
300 _axiii, 553 p. :
_bill. ;
_c24 cm.
500 _aBased on the author's Glacial geology and the Pleistocene epoch.
504 _aBibliography: p. 510-544.
650 0 _aGeology, Stratigraphic
_yPleistocene.
_932621
650 0 _aGlaciology.
_932622
942 _2ddc
_cBK
999 _c10551
_d10551